000 00536nam a2200205Ia 4500
005 20250508150410.0
008 008 250505s9999 xx 000 0 eng d
037 _aTextual
040 _aFEDL
_beng
_cFEDL
041 _aeng
_2eng
084 _a150, SKI
_qFEDL
100 _aSkinner Charles E
245 0 _aReadings in psychology
260 _aNew York, USA
_bFarrar and Rinehart
_c1935
300 _ax,853p.
365 _aINR
_b14
650 _aPsychology
942 _cTEXL
_h150, SKI
999 _c1323426
_d1323426